Loreto College Library, Kolkata
WEBOPAC (ONLINE PUBLIC ACCESS CATALOGUE)

Interrogating caste (Record no. 43362)

MARC details
000 -LEADER
fixed length control field 00661nam a22002177a 4500
005 - DATE AND TIME OF LATEST TRANSACTION
control field 20240419101520.0
008 - FIXED-LENGTH DATA ELEMENTS--GENERAL INFORMATION
fixed length control field 230713b |||||||| |||| 00| 0 eng d
020 ## - ISBN | অাই এস বি এন
ISBN | অাই এস বি এন 9780140297065
PRICE Rs.350.00
040 ## - CATALOGING SOURCE
Original cataloging agency Loreto College
041 ## - LANGUAGE CODE
Language code English
082 ## - DDC | ডিউই
Classification number | বর্গসংখ্যা 305.5122
Book Number | গ্রন্থাঙ্ক GUP
100 ## - MAIN ENTRY--PERSONAL NAME | মুখ্য সংলেখ - ব্যাক্তিনাম
Personal name | ব্যাক্তিনাম Gupta,Dipankar
245 ## - TITLE STATEMENT | অাখ্যা বিবরণী
Title | অাখ্যা Interrogating caste
Sub title | উপঅাখ্যা Understanding hierarchy and difference in Indian society
Statement of responsibility | লেখকের দায়িত্বের বিবরণ Dipankar Gupta
260 ## - IMPRINT | প্রকাশনা ক্ষেত্র
Place of publication | প্রকাশ স্থান Gurgaon
Name of publisher | প্রকাশকের নাম Penguin Books India
Date of publication | প্রকাশ কাল 2000
300 ## - PHYSICAL DESCRIPTION |
Page / Vol. No | পৃষ্ঠা / খন্ড সংখ্যা ix,300p
Other physical details | অনান্য বাহ্যিক বিবরণ 22cm
504 ## - BIBLIOGRAPHY, ETC. NOTE
Bibliography, etc Includes bibliographical references and index
650 ## - SUBJECT ADDED ENTRY--TOPICAL TERM | বিষয় শিরোনাম - মূল বিষয়
Topical term | মূল বিষয় Sociology
650 ## - SUBJECT ADDED ENTRY--TOPICAL TERM | বিষয় শিরোনাম - মূল বিষয়
Topical term | মূল বিষয় Caste system
Geographic subdivision | ভৌগলিক বিভাগ India
850 ## - HOLDING INSTITUTION
Holding institution LCLIB
Sub Holdings P.C.Chandra Gyandhara Prakalpo
942 ## - ADDED ENTRY ELEMENTS (KOHA)
Koha item type Books
Holdings
Withdrawn status Lost status Source of classification Damaged status Not for loan Home library Current library Shelving location Date acquired Price Total Checkouts Full call number Accession No. Date last seen Date checked out Price effective from Koha item type Coded location qualifier
    Dewey Decimal Classification     Loreto College Loreto College P.C.Chandra Gyandhara Prakalpo 13/07/2023 350.00 1 305.5122 GUP 53952 47486 14/03/2026 09/03/2026 13/07/2023 Books